LEADER 01205nam0-2200397---450- 001 990008475190403321 005 20100729095643.0 010 $a3-11-017551-7 035 $a000847519 035 $aFED01000847519 035 $a(Aleph)000847519FED01 035 $a000847519 100 $a20070227d2003----km-y0itay50------ba 101 0 $aeng 102 $aDE 105 $aa---a---001yy 200 1 $aNonlinear integral operators and applications$fCarlo Bardaro, Julian Musielak, Gianluca Vinti 210 $aBerlin$cWalter de Gruyter$dc2003 215 $axii, 201 p.$cill.$d24 cm 225 1 $aDe Gruyter series in nonlinear analysis and applications$v9 610 0 $aOperatori integrali 610 0 $aOperatori non lineari 610 0 $aTrasformate 676 $a515.723$v21 700 1$aBardaro,$bCarlo$0299269 701 1$aMusielak,$bJulian$048429 701 1$aVinti,$bGianluca$0299270 801 0$aIT$bUNINA$gRICA$2UNIMARC 901 $aBK 912 $a990008475190403321 952 $a10 B II 827$bDIBET 2394$fDINEL 952 $a515.723-BAR-(1$b3484$fSC1 959 $aSC1 959 $aDINEL 996 $aNonlinear integral operators and applications$9730083 997 $aUNINA LEADER 01290nam a2200337 i 4500 001 991000805129707536 005 20020506124211.0 008 970308s1971 fr ||| | fre 035 $ab1013198x-39ule_inst 035 $aLE00637136$9ExL 040 $aDip.to Fisica$bita 084 $a510(021) 084 $a510.10/510.18 084 $a510.20 100 1 $aMacLane, Saunders$026298 245 10$aAlgèbre /$cSaunders MacLane et Garrett Birkhoff ; traduit de l'américain par J. Weil 260 $aParis :$bGauthier-Villars,$c1971 300 $a2 v. ;$c24 cm 490 0 $aCahiers scientifiques ;$v35-36 500 $aVol. 1 : Structures fondamentales 500 $aVol. 2 : Les grands théorèmes 650 4$aAlgebra 700 1 $aBirkhoff, Garrett$eauthor$4http://id.loc.gov/vocabulary/relators/aut$013068 700 1 $aWeil, J. 907 $a.b1013198x$b17-02-17$c27-06-02 912 $a991000805129707536 945 $aLE006 510.10/510.18 MAC$cV. 1$g1$i2006000020251$lle006$o-$pE0.00$q-$rl$s- $t0$u0$v0$w0$x0$y.i10154814$z27-06-02 945 $aLE006 510.10/510.18 MAC$cV. 2$g1$i2006000020268$lle006$o-$pE0.00$q-$rl$s- $t0$u0$v0$w0$x0$y.i10154826$z27-06-02 996 $aAlgébre$91013713 997 $aUNISALENTO 998 $ale006$b01-01-97$cm$da $e-$ffre$gfr $h0$i2 LEADER 01605oam 2200529 450 001 9910705826803321 005 20170807113429.0 035 $a(CKB)5470000002454152 035 $a(OCoLC)965812025$z(OCoLC)891574927 035 $a(OCoLC)995470000002454152 035 $a(EXLCZ)995470000002454152 100 $a20161212d1967 ua 0 101 0 $aeng 135 $aurmn||||||||| 181 $ctxt$2rdacontent 182 $cc$2rdamedia 183 $acr$2rdacarrier 200 10$aFlume experiments on the transport of a coarse sand /$fby Garnett P. Williams 210 1$aWashington :$cUnited States Department of the Interior, Geological Survey,$d1967. 215 $a1 online resource (iv, B31 pages) $cillustrations 225 1 $aGeological Survey professional paper 562-B 300 $a"Sediment transport in alluvial channels." 320 $aIncludes bibliographical references (pages B30-B31). 606 $aSediment transport 606 $aSand 606 $aFlumes 606 $aFlumes$2fast 606 $aSand$2fast 606 $aSediment transport$2fast 615 0$aSediment transport. 615 0$aSand. 615 0$aFlumes. 615 7$aFlumes. 615 7$aSand. 615 7$aSediment transport. 700 $aWilliams$b Garnett P.$01387668 712 02$aGeological Survey (U.S.), 801 0$bOCLCE 801 1$bOCLCE 801 2$bCOP 801 2$bOCLCF 801 2$bOCLCQ 801 2$bGPO 906 $aBOOK 912 $a9910705826803321 996 $aFlume experiments on the transport of a coarse sand$93465021 997 $aUNINA